00284nam a2200109Ia 4500008004100000100002400041245006000065250000800125260002500133300000800158650000800166191201s2008 xx 000 0 und d aRAINA,Anupama Dullo 0aThe Icfai Dictionary of Human Resource Management Terms a1st aHyderabadbIUPc2008 a343 aMBA